000 003330000a22001450004500
005 20120302054448.0
942 _cBOOK
245 _a Kalyan-GoAnka Parishishtaanka:Anka 5
260 _aGorakhpur:Geeta,1953.
300 _a997-1056p.
040 _aHIN
650 _aSankirna
650 _aMaasik-Sankirna
650 _aGoanka-Kalyan
999 _c345695
_d345692